LEADER 02186nam 22006371 450 001 9910788710103321 005 20230213215455.0 010 $a3-11-088371-6 024 7 $a10.1515/9783110883718 035 $a(CKB)3390000000034015 035 $a(EBL)3044133 035 $a(OCoLC)922947306 035 $a(SSID)ssj0001054951 035 $a(PQKBManifestationID)11583036 035 $a(PQKBTitleCode)TC0001054951 035 $a(PQKBWorkID)11005665 035 $a(PQKB)10033359 035 $a(MiAaPQ)EBC3044133 035 $a(DE-B1597)55647 035 $a(OCoLC)1013963454 035 $a(OCoLC)853257721 035 $a(DE-B1597)9783110883718 035 $a(Au-PeEL)EBL3044133 035 $a(CaPaEBR)ebr10782093 035 $a(EXLCZ)993390000000034015 100 $a20010904d1982 uy 0 101 0 $aeng 135 $aurnn#---|u||u 181 $ctxt 182 $cc 183 $acr 200 10$aIssues in Italian syntax /$fLuigi Rizzi 205 $aReprint 2012 210 1$aDordrecht, Holland ;$aCinnaminson, New Jersey :$cForis Publications,$d1982. 215 $a1 online resource (202 p.) 225 0 $aStudies in Generative Grammar [SGG] ;$v11 300 $aDescription based upon print version of record. 311 0 $a3-11-181038-0 311 0 $a3-11-013914-6 320 $aBibliography: pages [185]-188. 327 $tFront matter --$tContents --$tIntroduction --$tI. A restructuring rule --$tII. Violations of the Wh island constraint and the subjacency condition --$tIII. Lexical subjects in infinitives: government, case and binding --$tIV. Negation, Wh-movement and the null subject parameter --$tBibliography 410 0$aStudies in generative grammar$v11 606 $aItalian language$xSyntax 606 $aItalian language$xGrammar, Generative 615 0$aItalian language$xSyntax. 615 0$aItalian language$xGrammar, Generative. 676 $a455 686 $aIS 5200$2rvk 700 $aRizzi$b Luigi$f1952-$03781 801 0$bMiAaPQ 801 1$bMiAaPQ 801 2$bMiAaPQ 906 $aBOOK 912 $a9910788710103321 996 $aIssues in Italian syntax$93831531 997 $aUNINA LEADER 02465nas 2200649- 450 001 996216081403316 005 20240425161015.0 035 $a(OCoLC)42078998 035 $a(CKB)954921339120 035 $a(CONSER)---99103081- 035 $a(EXLCZ)99954921339120 100 $a19990813a19429999 s-- - 101 0 $aeng 135 $aurcn||||||||| 135 $aurbn||||||abp 135 $aurbn||||||ada 181 $ctxt$2rdacontent 182 $cc$2rdamedia 183 $acr$2rdacarrier 200 00$aConsumer reports 210 1$aAlbany, New York :$cConsumers Union of United States,$d1942- 215 $a1 online resource 300 $aIncludes Index of Consumer Reports articles, 1990-1995, a list of articles not included on the site but available in print or by fax. 311 $a0010-7174 330 $aFull access to the site, including product ratings and the current issue, is restricted to subscribers only. A limited number of selected reports, advice on product selection and safety alerts are freely available, as are a five year listing of product recalls, a listing of major consumer product manufacturers, and links to the websites of governmental and private agencies offering assistance to consumers. 517 1 $aCU 517 1 $aCR 517 1 $aConsumer reports online 531 $aCONSUMER REPORTS BUYING GUIDE 531 $aCONSUM REP 606 $aConsumer education$vPeriodicals 606 $aCommercial products$vPeriodicals 606 $aConsumer protection$vPeriodicals 606 $aConsumer Product Safety 606 $aConsumer Behavior 606 $aConsommateurs$vPériodiques 606 $aCommercial products$2fast$3(OCoLC)fst00869578 606 $aConsumer education$2fast$3(OCoLC)fst00876300 606 $aConsumer protection$2fast$3(OCoLC)fst00876358 608 $aPeriodical. 608 $aPeriodicals.$2fast 608 $aPeriodicals.$2lcgft 610 $aConsumer products;$aProduct recalls 615 0$aConsumer education 615 0$aCommercial products 615 0$aConsumer protection 615 2$aConsumer Product Safety. 615 2$aConsumer Behavior. 615 6$aConsommateurs 615 7$aCommercial products. 615 7$aConsumer education. 615 7$aConsumer protection. 712 02$aConsumers Union of United States. 906 $aJOURNAL 912 $a996216081403316 996 $aConsumer reports$92311889 997 $aUNISA LEADER 03148nam 2200553Ia 450 001 9910438002503321 005 20200520144314.0 010 $a3-540-70856-1 024 7 $a10.1007/978-3-540-70856-8 035 $a(OCoLC)880437802 035 $a(MiFhGG)GVRL6WXD 035 $a(CKB)2670000000533754 035 $a(MiAaPQ)EBC1398688 035 $a(EXLCZ)992670000000533754 100 $a20111102d2013 uy 0 101 0 $aeng 135 $aurun|---uuuua 181 $ctxt 182 $cc 183 $acr 200 10$aErnst Zermelo - collected works/gesammelte werke$hVolume II/Band II$iCalculus of variations, applied mathematics, and physics/variationsrechnung, angewandte mathematik und physik /$fErnst Zermelo; edited by/herausgegebn von Heinz-Dieter Ebbinhaus, Akihiro Kanamori 205 $a1st ed. 2013. 210 $aBerlin ;$aHeidleberg $cSpringer-Verlag$d2013 215 $a1 online resource (xxvi, 781 pages) $cillustrations 225 1 $aSchriften der Mathematisch-naturwissenschaftlichen Klasse ;$v23 300 $aDescription based upon print version of record. 311 $a3-540-70855-3 311 $a3-642-43231-X 320 $aIncludes bibliographical references and index. 327 $aErnst Zermelo?s curriculum vitae by Heinz-Dieter Ebbinghaus -- Zermelo 1894 -- Zermelo 1896a -- Boltzmann 1896 -- Zermelo 1896b -- Boltzmann 1897 -- Zermelo 1899a -- Zermelo s1899b -- Zermelo 1900 -- Zermelo 1902a -- Zermelo s1902b -- Zermelo s1902c -- Zermelo 1902d -- Zermelo 1904a -- Hahn and Zermelo 1904 -- Zermelo 1906 -- Riesenfeld and Zermelo 1909 -- Zermelo 1928 -- Zermelo 1930c -- Zermelo 1931a -- Zermelo 1933a -- Bibliography -- Index. 330 $aErnst Zermelo (1871-1953) is regarded as the founder of axiomatic set theory and is best-known for the first formulation of the axiom of choice.  However, his papers also include pioneering work in applied mathematics and mathematical physics. This edition of his collected papers consists of two volumes. The present Volume II covers Ernst Zermelo?s work on the calculus of variations, applied mathematics, and physics. The papers are each presented in their original language together with an English translation, the versions facing each other on opposite pages. Each paper or coherent group of papers is preceded by an introductory note provided by an acknowledged expert in the field who comments on the historical background, motivation, accomplishments, and influence. 410 0$aSchriften der Mathematisch-Naturwissenschaftlichen Klasse der Heidelberger Akademie der Wissenschaften ;$vNr. 23. 606 $aCalculus of variations 606 $aMathematics 606 $aPhysics 615 0$aCalculus of variations. 615 0$aMathematics. 615 0$aPhysics. 676 $a510.92 700 $aZermelo$b Ernst$f1871-1953.$0104952 701 $aEbbinhaus$b Heinz-Dieter$01751330 701 $aKanamori$b Akihiro$0440754 801 0$bMiAaPQ 801 1$bMiAaPQ 801 2$bMiAaPQ 906 $aBOOK 912 $a9910438002503321 996 $aErnst Zermelo - collected works$94186241 997 $aUNINA